Old English nouns #1 - Statistics

General Stats
  • This quiz has been taken 247 times
    244 since last reset
  • The average score is 5 of 15
Answer Stats
Hint Answer % Correct
hund dog (hound)
92%
streawberge strawberry
83%
lyft sky (lift)
73%
stol chair (stool)
64%
fyxen female fox (vixen)
44%
wifmann woman (wife-man)
38%
muþ mouth
34%
hræfn raven
26%
ham home
22%
cirice church
19%
næddre snake (adder)
12%
folm hand (palm)
11%
eard realm (yard)
9%
læcedom medicine (leechdom)
5%
sweora neck (swire)
3%
No matching quizzes found
Score Distribution
Percent of People with Each Score
Percentile by Number Answered
Your Score History
You have not taken this quiz since the last reset